10 Most Commonly Broken Bones - Statistics

General Stats
  • This quiz has been taken 56 times
  • The average score is 7 of 10
Answer Stats
Hint Answer % Correct
8 Finger
82%
2 Arm
78%
7 Toe
78%
10 Leg
76%
3 Wrist
68%
5 Ankle
64%
6 Foot
62%
9 Hand
60%
1 Clavicle
56%
4 Hip
54%
No matching quizzes found
Score Distribution
Percent of People with Each Score
Percentile by Number Answered
Your Score History
You have not taken this quiz